University Home | Library Home | Institutional Repository

Split world poems 1990-2005 / (Record no. 116711)

MARC details
000 -LEADER
fixed length control field 00447cam a2200157 4500
008 - FIXED-LENGTH DATA ELEMENTS--GENERAL INFORMATION
fixed length control field 120208n 000 0 eng u
020 ## - INTERNATIONAL STANDARD BOOK NUMBER
International Standard Book Number 9781852248024
035 ## - SYSTEM CONTROL NUMBER
System control number (Sirsi) a175453
050 ## - LIBRARY OF CONGRESS CALL NUMBER
Classification number PN 1022 ALV 2008
100 ## - MAIN ENTRY--PERSONAL NAME
Personal name Alvi, Moniza
245 ## - TITLE STATEMENT
Title Split world poems 1990-2005 /
Statement of responsibility, etc. by Moniza Alvi
260 ## - PUBLICATION, DISTRIBUTION, ETC.
Place of publication, distribution, etc. Northumberland :
Name of publisher, distributor, etc. Bloodaxe Books,
Date of publication, distribution, etc. 2008.
300 ## - PHYSICAL DESCRIPTION
Extent 304p.
504 ## - BIBLIOGRAPHY, ETC. NOTE
Bibliography, etc. note Includes an index.
650 ## - SUBJECT ADDED ENTRY--TOPICAL TERM
Topical term or geographic name entry element Poetry --Literature
Holdings
Withdrawn status Lost status Source of classification or shelving scheme Damaged status Not for loan Home library Current library Shelving location Total Checkouts Full call number Barcode Date last seen Copy number Price effective from Koha item type
    Library of Congress Classification     Main Library Main Library On Shelf   PN 1022 ALV 2008 33729005884742 08/21/2019 1 08/21/2019 Book
© 2026 - The University of Zambia Library - Koha v25.11